000 00278nam a2200121Ia 4500
005 20251222144839.0
008 251222s9999||||xx |||||||||||||| ||spa||
020 _a84-361-0196-0
082 _a808.838.3/H58
100 _a"Hirschfeld, Burt"
245 0 _aSecretos
942 _cLIB
999 _c21141
_d21141